Contos de todo o mundo (Registo nº 28535)

Detalhes MARC
000 -Etiqueta do registo
Valores 00647cam a2200217 4500
090 ## -
-- 28535
095 ## -
-- PTBN00268308
100 ## - Dados gerais de processamento
Dados gerais 20071010d198 a m0pory5003 ba
101 1# - Língua de publicação
-- por
102 ## - País de publicação
-- PT
200 1# - Titulo e menção de responsabilidade
Título próprio Contos de todo o mundo
Informação de outro título Europa
Primeira menção de responsabilidade Eugénio Sotilhos
210 ## - Publicação
Local de publicação Queluz
Nome do editor Editorial Globo,
Data de publicação [198-]
215 ## - Descrição física 
Paginação / Volumes [96] p.
Outras indicações físicas il
327 1# - Nota de conteúdo
Texto da nota Contêm os seguintes contos: O colar de estrelas; O sino submerso; Os lobos de Otwock; A feiticeira de Tria; A boda do rei; O rublo de prata
675 ## - CDU
Notação 087.5
Edição BN
Língua por
700 #1 - Autor principal (pessoa individual)
Apelido Sotillos,
Nome Eugénio
801 #0 - Fonte de origem
País PT
930 ## -
-- BECRE
990 ## - Elementos KOHA
Tipo de documento Livro
995 ## - Localização e informação dos exemplares
-- 18
Exemplares
Situação do levantamento Estado Biblioteca de origem Biblioteca de empréstimo Código de barras Cota Permissão de empréstimo Tipo de documento
  Completo Biblioteca do Centro Escolar de Viana do Alentejo Biblioteca do Centro Escolar de Viana do Alentejo 834BV 087.5 SOT Disponível Livro




Powered by Koha